00325nam a2200133Ia 4500008004100000020001800041041000800059082001200067100001600079245004900095260002500144300000800169650001400177180314s9999 xx 000 0 und d a9788120340176 aeng a519 SAR aSarma,K.V.S 0aStatistics Made Simple: Do it yourself on PC aPHIbNew Delhic2010 a303 achemistry